[Event "ESP-ch U16"]
[Site "Salobrena"]
[Date "2021.07.19"]
[Round "2"]
[White "Cervello Navarro, Hector"]
[Black "Lopez Varela, Pablo"]
[Result "0-1"]
[WhiteElo "1889"]
[BlackElo "2288"]
[PlyCount "124"]
[EventDate "2021.07.19"]
[EventType "swiss"]
[EventRounds "9"]
[EventCountry "ESP"]
[SourceTitle "EXT 2022"]
[Source "ChessBase"]
[SourceDate "2021.10.06"]
[SourceVersion "1"]
[SourceVersionDate "2021.10.06"]
[SourceQuality "1"]

1. Nf3 c5 2. b3 b6 3. Bb2 Bb7 4. g3 Nf6 5. Bg2 e6 6. c4 Be7 7. Nc3 0-0 8. 0-0 d6 9. e3 Nbd7 10. d4 cxd4 11. Nxd4 Bxg2 12. Kxg2 Qc8 13. Rc1 Rd8 14. Qe2 Qb7+ 15. Qf3 Qxf3+ 16. Nxf3 Nc5 17. Rfd1 Nfe4 18. Nxe4 Nxe4 19. Ng1 Bf6 20. Bxf6 Nxf6 21. Ne2 Kf8 22. Nd4 Rd7 23. Rc2 a6 24. Rcd2 Rc8 25. Ne2 Ke7 26. Kf3 h5 27. h4 Rc5 28. Nf4 b5 29. cxb5 axb5 30. e4 g6 31. Rd3 Ng4 32. R3d2 Nf6 33. Ke3 Rc3+ 34. Rd3 Rdc7 35. Rxc3 Rxc3+ 36. Rd3 Rc2 37. Rd2 Rxd2 38. Kxd2 Nxe4+ 39. Ke3 d5 40. Ne2 e5 41. f3 Nc5 42. b4 Na6 43. a3 Kd6 44. Kd3 Nc7 45. Nc3 Kc6 46. Ne2 Ne8 47. Ng1 Nd6 48. Kc3 d4+ 49. Kb3 f5 50. Ne2 Nc4 51. f4 d3 52. Nc3 e4 53. a4 Nd2+ 54. Kb2 bxa4 55. b5+ Kc5 56. Kc1 Nb3+ 57. Kd1 a3 58. Ke1 Nd4 59. Kd2 Nxb5 60. Na2 Kd4 61. Nb4 e3+ 62. Ke1 d2+ 0-1

[Event "Roncana op-A 13th"]
[Site "Santa Eulalia de Roncana"]
[Date "2019.09.28"]
[Round "1"]
[White "Cervello Navarro, Hector"]
[Black "Sanchez Aguilar, Arnau"]
[Result "1-0"]
[WhiteElo "1838"]
[BlackElo "1600"]
[PlyCount "125"]
[EventDate "2019.09.28"]
[EventType "swiss"]
[EventRounds "8"]
[EventCountry "ESP"]
[SourceTitle "CBM 193 Extra"]
[Source "ChessBase"]
[SourceDate "2020.01.31"]
[SourceVersion "1"]
[SourceVersionDate "2020.01.31"]
[SourceQuality "1"]

1. e4 e5 2. Nf3 Nc6 3. Bc4 Nf6 4. d4 exd4 5. 0-0 Bc5 6. e5 d5 7. exf6 dxc4 8. Re1+ Be6 9. Ng5 Qxf6 10. Nxe6 fxe6 11. Qh5+ g6 12. Qxc5 Rf8 13. f3 0-0-0 14. Bg5 Qf5 15. Qxf5 gxf5 16. Bxd8 Rxd8 17. f4 Nb4 18. Na3 d3 19. c3 Nd5 20. Nxc4 Nxf4 21. Rad1 b5 22. Ne5 c5 23. c4 bxc4 24. Nxc4 Rd4 25. b3 Ne2+ 26. Rxe2 dxe2 27. Re1 Kd7 28. Rxe2 Ke7 29. Kf2 Kf6 30. h3 f4 31. Kf3 Kg5 32. Rxe6 Rd3+ 33. Kf2 Rc3 34. Re2 Kh4 35. Rd2 f3 36. gxf3 Kxh3 37. Ne3 h5 38. Rc2 Rd3 39. Ke2 Rd7 40. Rxc5 h4 41. Rd5 Rg7 42. Rd4 Rh7 43. Nf5 Rc7 44. Rxh4+ Kg2 45. Rg4+ Kh2 46. Rc4 Rd7 47. b4 a6 48. a4 Rd5 49. Nd4 Kg3 50. b5 axb5 51. axb5 Re5+ 52. Kd3 Kf2 53. Rb4 Re3+ 54. Kc4 Re1 55. b6 Rc1+ 56. Kd5 Rc8 57. b7 Rd8+ 58. Kc6 Rb8 59. f4 Ke3 60. f5 Ke4 61. f6 Ke5 62. Kc7 Rf8 63. b8Q 1-0

[Event "Sabadell Coral Colon op 13th"]
[Site "Sabadell"]
[Date "2019.03.15"]
[Round "4"]
[White "Cervello Navarro, Hector"]
[Black "Gonzalez Danilow, Aleynovitch"]
[Result "1-0"]
[WhiteElo "1823"]
[BlackElo "2000"]
[PlyCount "93"]
[EventDate "2019.02.22"]
[EventType "swiss"]
[EventRounds "8"]
[EventCountry "ESP"]
[SourceTitle "CBM 190 Extra"]
[Source "ChessBase"]
[SourceDate "2019.07.15"]
[SourceVersion "1"]
[SourceVersionDate "2019.07.15"]
[SourceQuality "1"]

1. e4 e5 2. Nf3 Nc6 3. Bc4 d6 4. d4 Na5 5. Bb3 Nxb3 6. axb3 exd4 7. Nxd4 Nf6 8. Nc3 Be7 9. 0-0 0-0 10. h3 c5 11. Nde2 Bd7 12. Nf4 b5 13. Nfd5 b4 14. Nxf6+ Bxf6 15. Nd5 Be5 16. Ra2 Re8 17. f3 Bb5 18. Rf2 Qh4 19. c4 Bd7 20. Nc7 Bd4 21. Qe2 Bxf2+ 22. Qxf2 Qf6 23. Nxe8 Bxe8 24. Be3 a5 25. Qd2 Ra6 26. Qd5 Bc6 27. Qd2 Qg6 28. Bxc5 Bxe4 29. fxe4 Qxe4 30. Ra1 Qc6 31. Bf2 h6 32. Rd1 Qe4 33. Re1 Qg6 34. Qe2 Qf6 35. Qd3 Ra8 36. Qd4 Qd8 37. Rd1 Ra6 38. c5 Qd7 39. cxd6 Kf8 40. Qf4 f6 41. Qg4 f5 42. Qd4 Rc6 43. Bg3 Rc2 44. Rd2 Rc6 45. Re2 Rc1+ 46. Kh2 Qb5 47. Re7 1-0

[Event "Barcelona Canovelles U2200 op"]
[Site "Barcelona"]
[Date "2018.12.30"]
[Round "8.10"]
[White "Cervello Navarro, Hector"]
[Black "Zheng, Hong Wei"]
[Result "0-1"]
[WhiteElo "1781"]
[BlackElo "1916"]
[PlyCount "72"]
[EventDate "2018.12.27"]
[EventType "swiss"]
[EventRounds "8"]
[EventCountry "ESP"]
[SourceTitle "EXT 2024"]
[Source "ChessBase"]
[SourceDate "2023.10.10"]
[SourceVersion "1"]
[SourceVersionDate "2023.10.10"]
[SourceQuality "1"]

1. e4 c6 2. d4 d5 3. Nc3 dxe4 4. Nxe4 Bf5 5. Nc5 b6 6. Nb3 e6 7. Nf3 Nd7 8. g3 Ngf6 9. Bg2 Rc8 10. 0-0 Bd6 11. Re1 Qc7 12. c3 0-0 13. Nbd2 b5 14. Nf1 h6 15. Ne3 Bh7 16. a4 a6 17. b3 Rfd8 18. Ba3 Nb6 19. Bxd6 Rxd6 20. a5 Nbd5 21. c4 Nxe3 22. fxe3 Be4 23. Ne5 Bxg2 24. Kxg2 Nd7 25. Nxd7 Rxd7 26. c5 e5 27. Re2 Rcd8 28. Rd2 Rd5 29. Ra3 exd4 30. e4 R5d7 31. b4 Qe5 32. Kf3 Re8 33. Qe2 f5 34. Kg2 fxe4 35. Rd1 d3 36. Qe3 Qb2+ 0-1

[Event "Barcelona Canovelles U2200 op"]
[Site "Barcelona"]
[Date "2018.12.30"]
[Round "7.9"]
[White "Fernandez Diaz Mascort, Miguel"]
[Black "Cervello Navarro, Hector"]
[Result "1/2-1/2"]
[WhiteElo "2046"]
[BlackElo "1781"]
[PlyCount "48"]
[EventDate "2018.12.27"]
[EventType "swiss"]
[EventRounds "8"]
[EventCountry "ESP"]
[SourceTitle "EXT 2024"]
[Source "ChessBase"]
[SourceDate "2023.10.10"]
[SourceVersion "1"]
[SourceVersionDate "2023.10.10"]
[SourceQuality "1"]

1. c4 c5 2. Nf3 Nc6 3. d4 cxd4 4. Nxd4 g6 5. g3 Bg7 6. Nc2 d6 7. Bg2 Be6 8. Ne3 Qd7 9. 0-0 Nf6 10. Re1 Ng4 11. Nd5 0-0 12. Nbc3 Nge5 13. b3 Bxd5 14. cxd5 Nb4 15. Bb2 Rac8 16. Qd2 Rc7 17. h3 f5 18. f4 Nf7 19. a3 Na6 20. Rec1 Nc5 21. Qd1 Rfc8 22. Na4 Nxa4 23. Rxc7 Qxc7 24. Bxg7 Nc3 1/2-1/2

[Event "Barcelona Canovelles U2200 op"]
[Site "Barcelona"]
[Date "2018.12.28"]
[Round "4.9"]
[White "Cervello Navarro, Hector"]
[Black "Fernandez Gonzalez, Julio Honor"]
[Result "1-0"]
[WhiteElo "1781"]
[BlackElo "1965"]
[PlyCount "103"]
[EventDate "2018.12.27"]
[EventType "swiss"]
[EventRounds "8"]
[EventCountry "ESP"]
[SourceTitle "EXT 2024"]
[Source "ChessBase"]
[SourceDate "2023.10.10"]
[SourceVersion "1"]
[SourceVersionDate "2023.10.10"]
[SourceQuality "1"]

1. e4 e5 2. Nf3 Nf6 3. d4 Nxe4 4. Nxe5 d6 5. Nf3 d5 6. Bd3 Be7 7. 0-0 Nc6 8. Re1 Bg4 9. c3 f5 10. Nbd2 0-0 11. Nf1 Bh4 12. g3 Bg5 13. Ne3 Bxe3 14. Bxe3 h6 15. Be2 g5 16. Kg2 f4 17. Bc1 fxg3 18. fxg3 Qd7 19. Be3 Rf7 20. Nd2 Bh3+ 21. Kg1 Re8 22. Bh5 Ref8 23. Bxf7+ Qxf7 24. Nxe4 dxe4 25. Qb3 Be6 26. Qc2 Qf3 27. Qe2 Bg4 28. Qxf3 Bxf3 29. Bf2 g4 30. Be3 h5 31. Bf4 Rf7 32. Re3 Ne7 33. Ree1 h4 34. Bxc7 Nd5 35. Be5 h3 36. a3 Ne7 37. Bf4 Nd5 38. Be3 Bg2 39. c4 Nb6 40. b3 Rf3 41. Ra2 Rf7 42. Rf2 Bf3 43. d5 Nc8 44. Rd2 Rd7 45. Bf4 a6 46. Rd4 Kf7 47. Rdxe4 Bxe4 48. Rxe4 b5 49. Re5 bxc4 50. bxc4 Nb6 51. Re4 Rd8 52. Bc7 1-0

[Event "Roncana op-A 12th"]
[Site "Santa Eulalia de Roncana"]
[Date "2018.12.01"]
[Round "8"]
[White "Castillo Martinez, Aran"]
[Black "Cervello Navarro, Hector"]
[Result "1-0"]
[WhiteElo "1965"]
[BlackElo "1781"]
[PlyCount "105"]
[EventDate "2018.09.29"]
[EventType "swiss"]
[EventRounds "8"]
[EventCountry "ESP"]
[SourceTitle "EXT 2022"]
[Source "ChessBase"]
[SourceDate "2021.10.06"]
[SourceVersion "1"]
[SourceVersionDate "2021.10.06"]
[SourceQuality "1"]

1. d4 Nf6 2. Nf3 g6 3. g3 Bg7 4. Bg2 0-0 5. 0-0 d5 6. Nc3 Re8 7. b3 c5 8. e3 Nc6 9. Bb2 b6 10. Ne5 Bb7 11. Nxc6 Bxc6 12. Re1 e5 13. dxe5 Rxe5 14. Ne2 Re7 15. c4 Rc8 16. cxd5 Nxd5 17. Bxg7 Kxg7 18. Qc2 Nb4 19. Qc3+ Kg8 20. Red1 Rd7 21. Rxd7 Qxd7 22. a3 Nd5 23. Qc2 Qc7 24. Rc1 Nf6 25. Bxc6 Qxc6 26. b4 c4 27. Nc3 Rd8 28. Rd1 Rxd1+ 29. Qxd1 b5 30. Qd8+ Kg7 31. Qd4 a6 32. e4 Kg8 33. Qd8+ Qe8 34. Qxf6 Qe6 35. Qxe6 fxe6 36. Kf1 Kf7 37. Ke2 Kf6 38. a4 bxa4 39. Nxa4 Ke5 40. Ke3 Kd6 41. Kd4 e5+ 42. Kxc4 Kc6 43. Nc5 a5 44. bxa5 h5 45. h4 g5 46. hxg5 h4 47. gxh4 Kc7 48. g6 Kb8 49. g7 Ka7 50. h5 Kb8 51. g8Q+ Kc7 52. Qf7+ Kc6 53. Qd7# 1-0

[Event "Roncana op 11th"]
[Site "Santa Eulalia de Roncana"]
[Date "2017.11.11"]
[Round "7"]
[White "Cervello Navarro, Hector"]
[Black "Valero Soler, Jaume"]
[Result "0-1"]
[WhiteElo "1659"]
[BlackElo "1805"]
[PlyCount "52"]
[EventDate "2017.09.23"]
[EventType "swiss"]
[EventRounds "8"]
[EventCountry "ESP"]
[SourceTitle "CBM 187 Extra"]
[Source "ChessBase"]
[SourceDate "2018.11.04"]
[SourceVersion "1"]
[SourceVersionDate "2018.11.04"]
[SourceQuality "1"]

1. e4 e6 2. d4 d5 3. Nc3 Nf6 4. e5 Ne4 5. Nxe4 dxe4 6. c3 c5 7. Bb5+ Nc6 8. Ne2 Bd7 9. 0-0 cxd4 10. cxd4 Nxe5 11. Bxd7+ Nxd7 12. Ng3 f5 13. Qb3 Qb6 14. Qxb6 Nxb6 15. Re1 Bd6 16. f3 exf3 17. gxf3 Kf7 18. Bd2 Rac8 19. Bc3 Nd5 20. Rac1 Rc6 21. Rc2 Rhc8 22. Rce2 Nf4 23. Re3 Bb8 24. Ne2 Nd5 25. Rd3 Bd6 26. a3 Bxa3 0-1

[Event "Roncana op 11th"]
[Site "Santa Eulalia de Roncana"]
[Date "2017.11.04"]
[Round "6"]
[White "Sarrate Presas, Jordi"]
[Black "Cervello Navarro, Hector"]
[Result "0-1"]
[WhiteElo "1896"]
[BlackElo "1659"]
[PlyCount "88"]
[EventDate "2017.09.23"]
[EventType "swiss"]
[EventRounds "8"]
[EventCountry "ESP"]
[SourceTitle "CBM 187 Extra"]
[Source "ChessBase"]
[SourceDate "2018.11.04"]
[SourceVersion "1"]
[SourceVersionDate "2018.11.04"]
[SourceQuality "1"]

1. c4 e5 2. Nc3 Nf6 3. g3 d5 4. cxd5 Nxd5 5. Bg2 Nb6 6. e3 Nc6 7. Nge2 Bg4 8. 0-0 Qd3 9. h3 Be6 10. Kh2 f6 11. Be4 Qd7 12. Bg2 0-0-0 13. d3 h5 14. b4 g5 15. Ne4 Nd5 16. d4 Be7 17. Bb2 f5 18. Nc5 Bxc5 19. dxc5 a6 20. Qa4 Kb8 21. Rfd1 Qc8 22. b5 axb5 23. Qxb5 h4 24. g4 fxg4 25. hxg4 h3 26. Bh1 Nde7 27. f3 Rdf8 28. Kg3 Rh4 29. Kh2 Nd5 30. f4 Nxe3 31. Bxc6 Nxg4+ 32. Kg3 h2 33. Bf3 exf4+ 34. Kg2 Ne3+ 35. Kh1 g4 36. Bg7 Rg8 37. Nxf4 gxf3 38. Re1 Rxg7 39. Rxe3 f2 40. Ng2 Bd5 41. Qf1 Bxg2+ 42. Qxg2 Rxg2 43. Kxg2 Qg4+ 44. Rg3 Qe4+ 0-1

[Event "Roncana op 11th"]
[Site "Santa Eulalia de Roncana"]
[Date "2017.10.28"]
[Round "5"]
[White "Cervello Navarro, Hector"]
[Black "Morais Carreras, Javier"]
[Result "0-1"]
[WhiteElo "1659"]
[BlackElo "1897"]
[PlyCount "52"]
[EventDate "2017.09.23"]
[EventType "swiss"]
[EventRounds "8"]
[EventCountry "ESP"]
[SourceTitle "CBM 187 Extra"]
[Source "ChessBase"]
[SourceDate "2018.11.04"]
[SourceVersion "1"]
[SourceVersionDate "2018.11.04"]
[SourceQuality "1"]

1. e4 e5 2. Nf3 Nf6 3. d4 Nxe4 4. Bd3 Nc6 5. dxe5 d5 6. exd6 Nxd6 7. Nc3 Be7 8. Nd5 0-0 9. 0-0 Bg4 10. Re1 Bf6 11. c3 Nf5 12. Nxf6+ Qxf6 13. h3 Bxf3 14. Qxf3 g6 15. Bc2 Ne5 16. Qxb7 Nh4 17. Re4 Nef3+ 18. Kh1 Rfb8 19. Qxc7 Ne1 20. Rf4 Qa6 21. Qxf7+ Kh8 22. Qc4 Qxc4 23. Rxc4 Nxc2 24. Rxh4 Nxa1 25. b4 Nc2 26. Re4 Re8 0-1